25% get 100% on this Twenty one pilots quiz - Statistics

General Stats
  • This quiz has been taken 348 times
  • The average score is 7 of 15
Answer Stats
Question Answer % Correct
It's been a while since they've released an album. What was the last song on Trench? Leave the city
89%
Tyler Joseph is the lead singer of the band, who did Joshua dun used to drum for? House of heroes
80%
Oh, Christmas saves the year was such a great surprise! In the Christmas stream following up to the song, what college did Tyler mention? Ohio State
78%
In the hype, Tyler opens up his stomach. In what song did Tyler say "Don't know what's inside of me"? Doubt
77%
The special first 20 people got a little song from a USB and Tyler sent a video to thank those who won! How great? On the TV in the back, what did it spell? Clancy is dead
73%
The musical duo used to have three members! Not so different then the two now, but let's see if you remember the name of the bassist. Nick Thomas
67%
What song did Tyler un-famously cover with his ukulele? I'm yours - Jason Mraz
53%
We know the connection of fall away and drown, but what "No phun intended" song has the same 2nd verse of "Ode to sleep" (Or at least close enough)? Just like yesterday
53%
On the track of "Regional at best", What number is Guns for hands placed? 1
28%
What band does Tyler sneakily reference in Christmas Saves the Year? Blink - 182
27%
Relating to the last question, what song played in the Power Rangers movie? We don't believe what's on TV
25%
Tacos are truly great! Who sang "Taco bell saga" with Tyler? Jay
23%
Fun fact -Holding onto you is one of my favorite songs. What song appeared in Riverdale? (Sorry if I got the show wrong.) Jumpsuit
19%
Tyler is considered one of the fastest rappers alive! How many syllables can Tyler rap in 1 second? 9.8
12%
Tyler changed his Instagram account's picture? Wait, is there an icon on his eye that's bright blue? What college sports logo does this icon look like? Indiana
8%
No matching quizzes found
Score Distribution
Percent of People with Each Score
Percentile by Number Answered
Your Score History
You have not taken this quiz